| 000 | 00400 a2200157 4500 | ||
|---|---|---|---|
| 020 | _a0748619585 | ||
| 024 | _a9780748619580 | ||
| 082 | _a303.482 | ||
| 090 |
_c6878 _d6878 |
||
| 100 | _aWaltz,Mitzi | ||
| 245 |
_aAlternative and Activist Media. _cMitzi Waltz |
||
| 260 |
_aBritain _bEdinburgh University Press. _c2005 |
||
| 300 | _a149p. | ||
| 500 | _aPaper cover | ||
| 942 |
_aNBS _cBK _k303.482 WAL |
||
| 999 |
_c349217 _d349217 |
||